Trend ekologizácie v doprave - elektromobilita
Elektromobilita na teoretickej a praktickej úrovni a podrobný rozbor aktuálneho stavu elektromobility na Slovensku. Eektromobilita, elektrické vozidlo a typy elektrických vozidiel. Rozvoj elektromobilov v Slovenskej republike podmieňujú mnohé faktory na trhu. Silné a slabé stránky, príležitosti a hr...
Gespeichert in:
| 1. Verfasser: | |
|---|---|
| Weitere Verfasser: | , |
| Format: | Buchkapitel |
| Sprache: | Slowakisch |
| Schlagworte: | |
| Tags: |
Keine Tags, Fügen Sie das erste Tag hinzu!
|
MARC
| LEADER | 00000naa$a2200000$$$4500 | ||
|---|---|---|---|
| 001 | 0269381 | ||
| 005 | 20240521100233.5 | ||
| 041 | 0 | |a slo | |
| 044 | |a SK | ||
| 245 | 1 | 0 | |a Trend ekologizácie v doprave - elektromobilita |
| 520 | |a Elektromobilita na teoretickej a praktickej úrovni a podrobný rozbor aktuálneho stavu elektromobility na Slovensku. Eektromobilita, elektrické vozidlo a typy elektrických vozidiel. Rozvoj elektromobilov v Slovenskej republike podmieňujú mnohé faktory na trhu. Silné a slabé stránky, príležitosti a hrozby elektromobility Slovenskej republiky. | ||
| 610 | 2 | 0 | |a elektromobily |
| 610 | 2 | 0 | |a elektromobilita |
| 610 | 2 | 0 | |a doprava |
| 610 | 2 | 0 | |a prostredie životné |
| 610 | 2 | 0 | |a ekologizácia |
| 610 | 2 | 0 | |a Slovensko |
| 100 | 1 | |a Richnák, Patrik, 1988- | |
| 700 | 1 | |a Gubová, Klaudia, 1986- | |
| 700 | 1 | |a Fabianová, Janka | |